Tomar decisiones en Cristo : fundamentos de la espiritualidad ignaciana /

Obra que reflexiona sobre los elementos que se encuentran presentes en la estructura de los ejercicios espirituales de San Ignacio y que son el sustento de la espiritualidad ignaciana, cuya fuente es Cristo Jesús. El autor fue durante ocho años asistente para la espiritualidad ignaciana, en el gener...

Descripción completa

Guardado en:
Detalles Bibliográficos
Autor principal: Tetlow, Joseph A. (autor)
Formato: Libro
Idioma:Español
Publicado: Bilbao, España : Mensajero, 2012, c2012
Temas:
Etiquetas: Agrega una etiqueta
Sin etiquetas, Sé el primero en etiquetar este registro!

MARC

LEADER 00000nam^a2200000^a^4500
001 000385685
005 20250521000000.0
009 20260526142942.833
020 |a 978-84-271-3216-0 
037 |a Acervo ITESO - Biblioteca 
041 |a ESP 
082 |a 255. 53  |b TET 
100 |a Tetlow, Joseph A.  |e (autor) 
245 1 0 |a Tomar decisiones en Cristo :  |b fundamentos de la espiritualidad ignaciana /  |c J.A. Tetlow ; tr. por Luis Manuel de la Encina. 
264 4 |a Bilbao, España :  |b Mensajero,  |c 2012, c2012 
300 |a 174 p. 
336 |a texto  |b txt  |2 rdacontenido 
337 |a sin mediación  |b n  |2 rdamedio 
338 |a volumen  |b nc  |2 rdasoporte 
500 |a Traducción de: Making Choices in Christ 
520 |a Obra que reflexiona sobre los elementos que se encuentran presentes en la estructura de los ejercicios espirituales de San Ignacio y que son el sustento de la espiritualidad ignaciana, cuya fuente es Cristo Jesús. El autor fue durante ocho años asistente para la espiritualidad ignaciana, en el generalato de Peter Hans Kolvenbach. 
649 |a XX 
650 |a Jesucristo 
650 |a Oración (Religión) 
650 |a Discernimiento 
650 |a Vida Espiritual 
650 |a Ejercicios Ignacianos -  |x Tema Principal 
650 |a Ejercicios Espirituales 
650 |a Espiritualidad Ignaciana -  |x Tema Principal 
650 |a Espiritualidad 
650 |a Catolicismo 
650 |a Cristianismo 
650 |a Religión 
910 |a Fondo General 
920 |a Impresos - Libros 
930 |a Colección General 
940 |a Jesuitas 
905 |a 101 
901 |a 0500280151  |b IT1  |c ACC  |i C152607  |u 20250521 
902 |a https://opac.biblio.iteso.mx/vufind/Record/000385685